00258 a2200133 4500001000700000020002200007040001100029100002300040240002100063245001600084300000700100362000900107440000800116189388 a978-85-7153-284-7 cMagnum aJardim, Ana Teresa10aSacopenapanlpor10aSacopenapan a960 a2012 1aRHJ